Countries sharing a 3-letter block with Nicaragua - Statistics

General Stats
  • This quiz has been taken 107 times
  • The average score is 7 of 15
Answer Stats
Country % Correct
pARAGUAy
78%
GUAtemala
67%
domiNICAn republic
64%
uruGUAy
64%
domiNICA
62%
central afrICAn republic
57%
costa rICA
49%
south afrICA
45%
antiGUA and barbuda
43%
saudi ARAbia
42%
madagasCAR
33%
united ARAb emirates
29%
jamaICA
28%
NICARAGUA
28%
vatICAn city
14%
No matching quizzes found
Score Distribution
Percent of People with Each Score
Percentile by Number Answered
Your Score History
You have not taken this quiz